01257nam a22001337a 4500008004100000020001500041050002000056100002000076245005200096260004300148300002800191500003300219505087100252180417b xxu||||| |||| 00| 0 eng d a067231715X aQA76.9. C55 S54 aShepker, Mattew aSams teach yourself SQL server 7 in 24 hours. / aIndianapolis:bSams publishing;c2000. axv, 429p. : ill.c24cm. aIncludes appendix and index. aCONTENTS: Introduction: Hour 1: Introducing SQL Server -- Hour 2: Installing SQL Server -- Hour 3: Introducing relational databases -- Hour 4: Database architecture fundamentals -- Hour 5: Using the tools and utilities -- Hour 6: Creating databases, files and filegroups -- Hour 7: Creating tables -- Hour 8: Logins and security -- Hour 9: Permissions -- Hour 10: Implementing backups -- Hour 11: Restoring databases -- Hour 12: Importing and exporting data -- Hour 13: Introducing replication -- Hour 14: Replication scenarios -- Hour 15: Implementing replication -- Hour 16: Scheduling tasks and alerts -- Hours 17: Querying data -- Hour 18: Advanced SELECT statements -- Hour 19: Modifying data -- Hour 20: Stored procedures -- Hour 21: Programming SQL server -- Hour 22: Indexes and Data integrity -- Hour 23: Optimization and tuning -- Hour 24: Troubleshooting.